| 000 | 00770nam a2200217Ia 4500 | ||
|---|---|---|---|
| 001 | 11487 | ||
| 003 | GE_BSU | ||
| 008 | 181216s||||||||xx |||||||||||||| ||und|| | ||
| 040 | _cGE_BSU | ||
| 080 | _a633.72+613.37+633.95 | ||
| 245 | _aჩაი,მისი წარმოება და მოხმარება | ||
| 245 | _bქარჩავა,გრ. | ||
| 245 | _cრედ:თ.ჯინჯიხაშვილი; მხატვ:ს.ცინცაძე. | ||
| 260 | _aთბილისი | ||
| 260 | _bსაბჭოთა საქართველო | ||
| 260 | _c1963 | ||
| 300 | _a237გვ;20სმ. | ||
| 300 | _bცხრ. | ||
| 653 | _aჩაი,მისი წარმოება და მოხმარება | ||
| 942 | _cBK | ||
| 999 |
_c44683 _d44683 |
||